Central Library OPAC University of Rajshahi

Organic crystals and molecules : (Record no. 11372)

MARC details
000 -LEADER
fixed length control field 01036nam a22002771 4500
001 - CONTROL NUMBER
control field 11372
003 - CONTROL NUMBER IDENTIFIER
rucl marc code BD-RjUL
005 - DATE AND TIME OF LATEST TRANSACTION
control field 20211208235120.0
008 - FIXED-LENGTH DATA ELEMENTS--GENERAL INFORMATION
fixed length control field 140126s1953 nyua 001 0 eng d
035 ## - SYSTEM CONTROL NUMBER
System control number (BD-RjUL)11421
040 ## - CATALOGING SOURCE
Original cataloging agency DLC/ICU
Transcribing agency ICU
Modifying agency DLC
-- BD-RjUL
Language of cataloging eng
041 ## - LANGUAGE CODE
Language code of text/sound track or separate title eng
082 00 - DEWEY DECIMAL CLASSIFICATION NUMBER
Classification number 548.5
Author mark and year ROO 1953
100 1# - MAIN ENTRY--PERSONAL NAME
Personal name Robertson, J. Monteath
Fuller form of name (John Monteath)
9 (RLIN) 35160
245 10 - TITLE STATEMENT
Title Organic crystals and molecules :
Remainder of title theory of X-ray structure analysis with applications to organic chemistry.
Statement of responsibility, etc. by J. Monteath Robertson
260 ## - PUBLICATION, DISTRIBUTION, ETC. (IMPRINT)
Place of publication, distribution, etc. Ithaca, New York :
Name of publisher, distributor, etc. Cornell University Press,
Date of publication, distribution, etc. 1953.
300 ## - PHYSICAL DESCRIPTION
Pagination IX, 340 p. :
Illustrations illus.
Size 24 cm.
490 1# - SERIES STATEMENT
Series statement The George Fisher Baker non-resident lectureship in chemistry at Cornell University
504 ## - BIBLIOGRAPHY, ETC. NOTE
Bibliography, etc Includes index.
650 #0 - SUBJECT ADDED ENTRY--TOPICAL TERM
Topical term or geographic name as entry element X-ray crystallography.
9 (RLIN) 32004
Topical term or geographic name as entry element Chemistry, Organic.
9 (RLIN) 35161
830 #0 - SERIES ADDED ENTRY--UNIFORM TITLE
Uniform title George Fisher Baker non-resident lectureship in chemistry at Cornell University.
942 ## - ADDED ENTRY ELEMENTS (KOHA)
Source of classification or shelving scheme Dewey Decimal Classification
Koha item type Books
Holdings
Lost status Source of classification or shelving scheme Damaged status Not for loan Collection code Permanent Location Current Location Shelving location Date acquired Source of acquisition Cost, normal purchase price Total Checkouts Full call number Date last seen Copy number Koha item type
  Dewey Decimal Classification   Not For Loan Reference Central Library, University of Rajshahi Central Library, University of Rajshahi Reading Room 04/02/1958 Oxford University Press. 32.80   548.5 ROO 1953 26/01/2014 C-1 Books